[Event "TCh-CZE Extraliga 2011-12"]
[Site "Czech Republic CZE"]
[Date "2012.01.08"]
[Round "6.3"]
[White "Rosko,L"]
[Black "Studnicka,Toma"]
[Result "1/2-1/2"]
[WhiteElo "2322"]
[BlackElo "2359"]

1.d4 Nf6 2.c4 g6 3.Nc3 Bg7 4.Nf3 O-O 5.e4 d6 6.Be2 e5 7.O-O Nc6 8.Be3 Ng4
9.Bg5 f6 10.Bh4 g5 11.Bg3 Nh6 12.d5 Ne7 13.Nd2 f5 14.f3 f4 15.Bf2 b6 16.b4 Rf6
17.c5 Rg6 18.h3 Nf7 19.cxd6 cxd6 20.Rc1 h5 21.Nb5 Nh6 22.Nc7 Rb8 23.Ne6 Bxe6
24.dxe6 Kh7 25.Qb3 Rc8 26.Rfd1 Rxc1 27.Rxc1 Neg8 28.Nf1 Qe7 29.a4 g4 30.fxg4 hxg4
31.hxg4 Nxg4 32.Bxg4 Rxg4 33.Qh3+ Nh6 34.Nh2 Rg6 35.Nf3 Bf6 36.a5 Qb7 37.axb6 axb6
38.Bh4 Kg7 39.Bxf6+ Kxf6 40.Qh4+ Kxe6 41.Ng5+ Kf6 42.Nf3+ Kg7 43.Qd8 Nf7
44.Rc7 Qxe4 45.Rxf7+ Kxf7 46.Qd7+ Kg8 47.Qe8+ Kh7 48.Qe7+ Kh8 49.Qf8+ Kh7
50.Qe7+ Kh8  1/2-1/2

[Event "37th Seville Open"]
[Site "Seville ESP"]
[Date "2012.01.12"]
[Round "6"]
[White "Herraiz Hidalgo,H"]
[Black "Matamoros Franco,C"]
[Result "1-0"]
[WhiteElo "2469"]
[BlackElo "2552"]

1.d4 Nf6 2.c4 g6 3.Nc3 Bg7 4.e4 d6 5.Be2 O-O 6.Nf3 e5 7.O-O Nc6 8.dxe5 dxe5
9.Bg5 Be6 10.Qxd8 Raxd8 11.Nd5 Bxd5 12.cxd5 Nb8 13.Rac1 c6 14.Bc4 h6 15.Bxf6 Bxf6
16.a3 Rd6 17.Rfd1 Rfd8 18.Kf1 Kf8 19.Ke2 Ke7 20.dxc6 Rxd1 21.Rxd1 Nxc6 22.Rxd8 Nxd8
23.Bd5 Bg7 24.g3 f5 25.Nd2 Kf6 26.Nc4 b5 27.Nd6 Bf8 28.Nxb5 a5 29.Nc3 h5
30.Na4 f4 31.Nb6 Bd6 32.Nc4 Bc7 33.b4 axb4 34.axb4 g5 35.h3 g4 36.hxg4 hxg4
37.b5 Ke7 38.Kd3 Ne6 39.Bxe6 Kxe6 40.b6 Bb8 41.Na5 Kd7 42.Kc4 Bd6 43.Kd5 fxg3
44.fxg3 Bb4 45.Nc6  1-0

[Event "5th Gora Swietej Anny"]
[Site "Gora Swietej Anny POL"]
[Date "2012.01.16"]
[Round "6.2"]
[White "Dobrowolski,P"]
[Black "Stankiewicz,P"]
[Result "1-0"]
[WhiteElo "2416"]
[BlackElo "2062"]

1.d4 Nf6 2.c4 g6 3.Nc3 Bg7 4.e4 d6 5.Nf3 O-O 6.Be2 e5 7.O-O Nc6 8.d5 Ne7
9.b4 Nd7 10.Be3 f5 11.Ng5 Nf6 12.f3 Nh5 13.Ne6 Bxe6 14.dxe6 Nf4 15.c5 d5
16.exd5 Nfxd5 17.Nxd5 Nxd5 18.Bc4 c6 19.Qb3 Qe7 20.Rad1 Rad8 21.Bxd5 cxd5
22.Rxd5 Rxd5 23.Qxd5 Rd8 24.Qc4 a6 25.Bg5 Qxg5 26.e7+ Kh8 27.Qf7 h6 28.exd8=R+ Qxd8
29.Qxg6 Qd4+ 30.Kh1 Qxb4 31.Rd1 Qxc5 32.Qxf5 Kg8 33.Rd8+ Bf8 34.Qg6+ Kh8
35.Qxh6+ Kg8 36.Qg5+  1-0

[Event "10th Parsvnath Open"]
[Site "New Delhi IND"]
[Date "2012.01.17"]
[Round "4"]
[White "Lalith,B"]
[Black "Bitan,B"]
[Result "1/2-1/2"]
[WhiteElo "2484"]
[BlackElo "2331"]

1.Nf3 g6 2.c4 Bg7 3.d4 Nf6 4.Nc3 d6 5.e4 O-O 6.Be2 e5 7.O-O Nc6 8.d5 Ne7
9.b4 Nh5 10.g3 f5 11.Ng5 Nf6 12.Bf3 c6 13.Ba3 a6 14.Ne6 Bxe6 15.dxe6 fxe4
16.Nxe4 Nxe4 17.Bxe4 d5 18.cxd5 cxd5 19.Bg2 e4 20.b5 Bxa1 21.Qxa1 Rc8 22.Qd4 Nf5
23.Qe5 Re8 24.Bh3 Qc7 25.Qxd5 Qc4 26.Qxb7 Rc7 27.Qxa6 Qxe6 28.Qa5  1/2-1/2

[Event "10th Parsvnath Open"]
[Site "New Delhi IND"]
[Date "2012.01.17"]
[Round "5"]
[White "Bai,Jinshi"]
[Black "Nitin,S"]
[Result "1-0"]
[WhiteElo "2180"]
[BlackElo "2399"]

1.d4 Nf6 2.c4 g6 3.Nc3 Bg7 4.e4 d6 5.Nf3 O-O 6.Be2 e5 7.O-O Nc6 8.d5 Ne7
9.b4 Ne8 10.c5 f5 11.Nd2 Nf6 12.f3 f4 13.Nc4 h5 14.cxd6 cxd6 15.b5 g5 16.Ba3 Ne8
17.Rc1 Rf6 18.h3 Rh6 19.Kf2 Ng6 20.Ke1 Rh7 21.Kd2 Bf8 22.Kc2 b6 23.Kb1 a6
24.Qb3 Rha7 25.bxa6 Bxa6 26.Bb4 Rc8 27.Rc2 g4 28.hxg4 hxg4 29.Na3 Bxe2 30.Rxe2 g3
31.Rh1 Rcc7 32.Ncb5 Rh7 33.Rc1 Rh2 34.Nxa7 Nh4 35.Qc2 Qd7 36.Nc8 Nf6 37.Qc6 Qh7
38.Bxd6 Nxf3 39.Bxf8 Nxe4 40.Ka1 Kxf8 41.d6 Nd4 42.Qxe4 Nxe2 43.Qxe2 e4 44.Qd2 f3
45.d7  1-0

[Event "10th Parsvnath Open"]
[Site "New Delhi IND"]
[Date "2012.01.18"]
[Round "6"]
[White "Mu Ke"]
[Black "Gajwa,A"]
[Result "0-1"]
[WhiteElo "2294"]
[BlackElo "1952"]

1.Nf3 Nf6 2.c4 g6 3.Nc3 Bg7 4.e4 d6 5.d4 O-O 6.Be2 e5 7.O-O Nc6 8.d5 Ne7
9.Ne1 Nd7 10.Nd3 f5 11.Bd2 Nf6 12.f3 f4 13.c5 g5 14.Rc1 Ng6 15.g4 fxg3 16.hxg3 Nh5
17.Kg2 Ngf4+ 18.gxf4 gxf4 19.Rh1 Qg5+ 20.Kf1 Qg3 21.Qe1 Bh3+ 22.Rxh3 Qxh3+
23.Kg1 Qg3+ 24.Kh1 Rf6 25.Bf1 Rg6  0-1

[Event "20th Fajr Open"]
[Site "Tabriz IRI"]
[Date "2012.01.18"]
[Round "9.6"]
[White "Kotanjian,T"]
[Black "Asgari,M"]
[Result "0-1"]
[WhiteElo "2533"]
[BlackElo "2263"]

1.d4 Nf6 2.c4 g6 3.Nc3 Bg7 4.e4 d6 5.Nf3 O-O 6.Be2 e5 7.O-O Nc6 8.d5 Ne7
9.Nd2 Ne8 10.b4 f5 11.c5 Nf6 12.f3 f4 13.Nc4 g5 14.Ba3 Ng6 15.b5 dxc5 16.Bxc5 Rf7
17.Kh1 h5 18.d6 Bf8 19.Qb3 Be6 20.Qa3 g4 21.Rad1 Nd7 22.Bg1 g3  0-1

[Event "10th Parsvnath Open"]
[Site "New Delhi IND"]
[Date "2012.01.19"]
[Round "7.19"]
[White "Bai,Jinshi"]
[Black "Karthikeyan,P2"]
[Result "0-1"]
[WhiteElo "2180"]
[BlackElo "2402"]

1.d4 Nf6 2.c4 g6 3.Nc3 Bg7 4.e4 d6 5.Nf3 O-O 6.Be2 e5 7.O-O Nc6 8.d5 Ne7
9.b4 Nh5 10.g3 f5 11.Ng5 Nf6 12.f3 f4 13.b5 fxg3 14.hxg3 Nh5 15.Kf2 Kh8 16.Be3 Ng8
17.Rh1 Bh6 18.Qd2 Qf6 19.Kg2 Qg7 20.f4 Nxg3 21.Kxg3 exf4+ 22.Bxf4 Rxf4 23.Qxf4 Qxc3+
24.Kg2 Bxg5 25.Qxg5 Bh3+ 26.Kh2 Rf8 27.Qg3 Qd2 28.Rhe1 Bd7 29.Rad1 Qb2 30.Kg1 Nf6
31.Qf4 Kg7 32.Rd2 Qb4 33.Rf1 Bh3 34.Rf3 Nd7 35.Qg5 Rxf3 36.Bxf3 Nf6 37.Kh2 Bg4
38.Bxg4 Nxg4+ 39.Kg3 Nf6 40.Kh2 h6 41.Qg2 h5 42.Re2 Ng4+ 43.Kh3 Qxc4 44.Qf3 Ne5
45.Qe3 Qxb5 46.Rf2 Qd7+ 47.Kg2 Qg4+ 48.Kf1 Qd1+ 49.Kg2 Qg4+ 50.Kf1 h4 51.Qc3 Qd1+
52.Kg2 Qg4+ 53.Kf1 Kh6 54.Qc1+ g5 55.Rf6+ Kg7 56.Rf2 Kg6  0-1

[Event "20th Fajr Open"]
[Site "Tabriz IRI"]
[Date "2012.01.20"]
[Round "11.9"]
[White "Kotanjian,T"]
[Black "Asgarov,M"]
[Result "1/2-1/2"]
[WhiteElo "2533"]
[BlackElo "2234"]

1.d4 Nf6 2.c4 g6 3.Nc3 Bg7 4.e4 d6 5.Nf3 O-O 6.Be2 e5 7.O-O Nc6 8.d5 Ne7
9.Nd2 a5 10.a3 Nd7 11.Rb1 f5 12.b4 b6 13.f3 Kh8 14.Nb3 axb4 15.axb4 f4 16.Bd2 g5
17.Ra1 Rxa1 18.Qxa1 Nf6 19.Nb5 g4  1/2-1/2

[Event "10th Parsvnath Open"]
[Site "New Delhi IND"]
[Date "2012.01.22"]
[Round "10.39"]
[White "Ivana Maria,F"]
[Black "Bitan,B"]
[Result "0-1"]
[WhiteElo "2065"]
[BlackElo "2331"]

1.d4 Nf6 2.c4 g6 3.Nc3 Bg7 4.e4 d6 5.Nf3 O-O 6.Be2 e5 7.O-O Nc6 8.d5 Ne7
9.b4 Nh5 10.Re1 a5 11.bxa5 Rxa5 12.Nd2 Nf4 13.Bf1 c5 14.dxc6 bxc6 15.Nb3 Ra8
16.a4 Ne6 17.Ba3 c5 18.Nb5 Nd4 19.N3xd4 exd4 20.f4 f6 21.Bd3 Nc6 22.e5 fxe5
23.Qf3 Bb7 24.Qd5+ Kh8 25.Qxd6 exf4 26.Qxd8 Rfxd8 27.Bxc5 Ne5 28.Red1 f3
29.Bxd4 fxg2 30.Be2 Kg8 31.Nc7 Rxd4 32.Nxa8 Nf3+ 33.Kxg2 Ng5+ 34.Kf2 Bf8
35.Rab1 Rf4+ 36.Ke3  0-1

[Event "Gibraltar Open"]
[Site "Caleta ENG"]
[Date "2012.01.24"]
[Round "1.97"]
[White "Henrichsen,J"]
[Black "Navarrete Espi,S"]
[Result "0-1"]
[WhiteElo "1901"]
[BlackElo "2120"]

1.Nf3 Nf6 2.d4 g6 3.c4 Bg7 4.Nc3 O-O 5.e4 d6 6.Be2 e5 7.O-O Nc6 8.d5 Ne7
9.Ne1 Nd7 10.Nd3 f5 11.Bd2 Nf6 12.f3 Kh8 13.b4 c6 14.a4 cxd5 15.cxd5 h5 16.Be3 f4
17.Bf2 g5 18.a5 g4 19.Kh1 g3 20.Bg1 h4 21.h3 Nh7 22.Re1 Bxh3 23.gxh3 Qd7
24.Bf1 Ng5 25.Qa4 Qc8 26.Rec1 Nxf3 27.Nb5 Qd7 28.Rc7 Qd8 29.Rxb7 Ng5 30.Nc3 Ng6
31.Qd7 Qf6 32.Qf5 Qxf5 33.exf5 Rxf5 34.Bxa7 f3 35.Rb8+ Rxb8 36.Bxb8 e4 37.a6 Bd4
38.a7 g2+ 39.Bxg2 fxg2+ 40.Kxg2 Bxa7 41.Bxa7 exd3 42.Bd4+ Kh7 43.Be3 Nxh3
44.Ra7+ Kg8 45.Ra8+ Kf7 46.Ra7+ Ke8 47.Ne4 Nhf4+ 48.Bxf4 Nxf4+ 49.Kh2 Rxd5
50.Nf6+ Kf8 51.Nxd5 Nxd5 52.b5 d2 53.Ra1 Ke8 54.Rd1 Ne3 55.b6 Kd8  0-1

[Event "Gibraltar Open"]
[Site "Caleta ENG"]
[Date "2012.01.25"]
[Round "2.14"]
[White "Fridman,D"]
[Black "Cabrera,Ale"]
[Result "1-0"]
[WhiteElo "2660"]
[BlackElo "2504"]

1.d4 Nf6 2.Nf3 g6 3.c4 Bg7 4.Nc3 O-O 5.e4 d6 6.Be2 e5 7.O-O Nc6 8.d5 Ne7
9.Ne1 Nd7 10.Nd3 f5 11.f3 Nf6 12.Bd2 Kh8 13.b4 h5 14.Rc1 f4 15.c5 Neg8 16.g3 g5
17.gxf4 gxf4 18.Be1 Bh3 19.Rf2 Nh7 20.Bf1 Ng5 21.Kh1 Bd7 22.Rg2 Bf6 23.c6 Bc8
24.cxb7 Bxb7 25.Nb5 Rf7 26.Rgc2 Qd7 27.Nxc7 Rc8 28.Nf2 Rg7 29.Nb5 Rxc2 30.Rxc2 Bd8
31.a4 a6 32.Na3 Qxa4 33.Nc4 Bc7 34.Bg2 Bc8 35.Nxd6 Bxd6 36.Rxc8 Qa3 37.Nd3 Kh7
38.Rc1 Qa2 39.Qc2  1-0

[Event "Moscow Open 2012 A"]
[Site "Moscow RUS"]
[Date "2012.01.28"]
[Round "1.45"]
[White "Demianjuk,A"]
[Black "Bukavshin,I"]
[Result "1/2-1/2"]
[WhiteElo "2313"]
[BlackElo "2517"]

1.d4 Nf6 2.c4 g6 3.Nc3 Bg7 4.e4 d6 5.Nf3 O-O 6.Be2 e5 7.O-O Nc6 8.d5 Ne7
9.Ne1 Ne8 10.f3 f5 11.g4 c6 12.Nd3 b5 13.dxc6 bxc4 14.Nf2 fxg4 15.fxg4 Kh8
16.Bg5 Nf6 17.Qa4 Qb6 18.Rad1 h6 19.Bxf6 Bxf6 20.Rxd6 Bh4 21.Nd1 Rf4 22.Qxc4 Bxg4
23.Bxg4 Rxg4+ 24.Kh1 Rf4 25.Qe6 Raf8 26.Qxe5+ Kh7 27.Qe6 Rxf2 28.Nxf2 Rxf2
29.Qh3 Qxb2 30.Rxf2 Qxf2 31.Rd1 Bf6 32.Rf1 Qd4 33.Qe6 Kg7 34.c7 Qc3 35.e5 Qxe5
36.Qxe5 Bxe5 37.Rd1 Kf6 38.Rd7 Nc8 39.Rd8 Bxc7 40.Rxc8 Bb6 41.a4 h5 42.Rc6+ Kf5
43.a5 Be3 44.Kg2 g5 45.Rh6 Kg4 46.Rh7 Kh4 47.Re7 Bc5 48.Re5 Bd6 49.Rd5 Bc7
50.Rd4+ g4 51.Rd5 Bf4 52.Rb5 Bd2 53.Kf2 Bf4 54.Kg2  1/2-1/2

[Event "Moscow Open 2012 A"]
[Site "Moscow RUS"]
[Date "2012.01.28"]
[Round "1.30"]
[White "Evdokimov,Alexa"]
[Black "Dzhangobegov,V"]
[Result "1-0"]
[WhiteElo "2569"]
[BlackElo "2343"]

1.d4 Nf6 2.Nf3 g6 3.c4 Bg7 4.Nc3 O-O 5.e4 d6 6.Be2 e5 7.O-O Nc6 8.d5 Ne7
9.b4 Nh5 10.Re1 f5 11.Ng5 Nf4 12.Bxf4 exf4 13.Rc1 a5 14.b5 Bf6 15.Ne6 Bxe6
16.dxe6 Bxc3 17.Rxc3 fxe4 18.Bg4 h5 19.Bh3 e3 20.fxe3 c6 21.Rd3 d5 22.Kh1 fxe3
23.Rexe3 Qb6 24.cxd5 cxd5 25.Rf3 Qxb5 26.Rf7 Rac8 27.g3 Qb2 28.Rdf3 Rfe8
29.Bf1 Rc2 30.h4 Rh2+ 31.Kg1 Rd2 32.Qa4 Qb6+ 33.Kh1 Qc6 34.Qf4 Nf5 35.Rxf5  1-0

[Event "TCh-CZE Liga 1 Zapad"]
[Site "Czech Rep CZE"]
[Date "2012.01.29"]
[Round "7.3"]
[White "Kozak,Mi"]
[Black "Varga,Dav"]
[Result "1/2-1/2"]
[WhiteElo "2191"]
[BlackElo "2355"]

1.d4 Nf6 2.c4 g6 3.Nf3 Bg7 4.Nc3 O-O 5.e4 d6 6.Be2 e5 7.O-O Nc6 8.d5 Ne7
9.b4 Nd7 10.Nd2 f5 11.c5 dxc5 12.bxc5 Nxc5 13.Ba3 Nd7 14.Nb5 Bf6 15.Qb3  1/2-1/2

[Event "ch-TUR 2012"]
[Site "Kemer TUR"]
[Date "2012.01.29"]
[Round "2"]
[White "Sentug,H"]
[Black "Can,E"]
[Result "0-1"]
[WhiteElo "1936"]
[BlackElo "2462"]

1.d4 Nf6 2.c4 g6 3.Nc3 Bg7 4.e4 d6 5.Nf3 O-O 6.Be2 e5 7.O-O Nc6 8.d5 Ne7
9.b4 Nh5 10.Re1 a5 11.bxa5 c5 12.a4 Rxa5 13.Nd2 Nf4 14.Bf1 Nh5 15.Be2 Nf6
16.Nb3 Ra6 17.Bg5 Nd7 18.Qc1 f6 19.Bh6 f5 20.Bxg7 Kxg7 21.exf5 gxf5 22.Qg5+ Kh8
23.Bf1 Rg8 24.Qh4 Qf8 25.f3 Ng6 26.Qf2 Nf4 27.Kh1 Nf6 28.g3 Ng6 29.Qd2 f4
30.Ne4 Nxe4 31.fxe4 fxg3 32.Bg2 Nf4 33.Rf1 Qh6 34.h3 Bxh3 35.Rxf4 Bxg2+ 36.Kxg2 Qh2+
37.Kf3 g2 38.Rf5 Rg3+ 39.Ke2 g1=Q+  0-1

[Event "ch-TUR 2012"]
[Site "Kemer TUR"]
[Date "2012.01.29"]
[Round "2"]
[White "Ersahin,B"]
[Black "Ekici,Kaan Muhammed"]
[Result "1-0"]
[WhiteElo "2167"]
[BlackElo "1858"]

1.d4 Nf6 2.c4 g6 3.Nc3 Bg7 4.e4 d6 5.Nf3 O-O 6.Be2 e5 7.O-O Nc6 8.d5 Ne7
9.b4 Nh5 10.Re1 f5 11.Ng5 Nf6 12.Bf3 c6 13.Bb2 cxd5 14.cxd5 h6 15.Ne6 Bxe6
16.dxe6 fxe4 17.Nxe4 Nxe4 18.Rxe4 d5 19.Rxe5 Bxe5 20.Bxe5 Qb6 21.Qd2 Kh7
22.Re1 Rae8 23.Ba1 Rd8 24.Bd4 Qc6 25.h4 Rg8 26.h5 Nf5 27.hxg6+ Rxg6 28.e7 Re8
29.Bc5 Rg5 30.Bxd5 Qg6 31.f4 Rg3 32.Re6 Qg7 33.Be4 Qg4 34.Re5  1-0

[Event "ch-TUR 2012"]
[Site "Kemer TUR"]
[Date "2012.01.29"]
[Round "2"]
[White "Citak,S"]
[Black "Sahin,S"]
[Result "1-0"]
[WhiteElo "2390"]
[BlackElo "1924"]

1.d4 Nf6 2.c4 g6 3.Nc3 Bg7 4.e4 d6 5.Nf3 O-O 6.Be2 e5 7.O-O Nc6 8.d5 Ne7
9.Nd2 a5 10.a3 Ne8 11.Rb1 f5 12.b4 b6 13.Qc2 Kh8 14.Rb3 Ng8 15.c5 axb4 16.axb4 Bh6
17.cxb6 cxb6 18.Nc4 Bxc1 19.Qxc1 f4 20.f3 Ra7 21.Nb5 Ra2 22.Rf2 Ra8 23.Ra3 Rb8
24.Na7 Rb7 25.Nc6 Qh4 26.Ra7 Rxa7 27.Nxa7 Qd8 28.Nxe5 dxe5 29.Qxc8 Nd6 30.Qxd8 Rxd8
31.Nc6 Re8 32.Rf1 g5 33.Ra1 g4 34.Ra6 gxf3 35.gxf3 Nc8 36.Ra8  1-0

[Event "Moscow Open 2012 A"]
[Site "Moscow RUS"]
[Date "2012.01.29"]
[Round "2.80"]
[White "Petrukhina,I"]
[Black "Ozolin,M"]
[Result "1/2-1/2"]
[WhiteElo "2202"]
[BlackElo "2375"]

1.d4 Nf6 2.c4 g6 3.Nc3 Bg7 4.e4 d6 5.Nf3 O-O 6.Be2 e5 7.O-O Nc6 8.d5 Ne7
9.b4 a5 10.Ba3 axb4 11.Bxb4 Nd7 12.a4 Bh6 13.a5 f5 14.Bd3 Kh8 15.Re1 Nf6
16.c5 fxe4 17.cxd6 cxd6 18.Nxe4 Nxe4 19.Bxe4 Bf5 20.Qb3 Ng8 21.Nd2 Bxd2 22.Bxd2 Bxe4
23.Rxe4 Nf6 24.Ree1 Ng4 25.Re2 Qh4 26.h3 Nxf2 27.Qe3 Nxh3+ 28.gxh3 Rf5 29.Rf1 Raf8
30.Ref2 Qc4 31.Rxf5 gxf5 32.Qf3 f4 33.Kh2 Rg8 34.Be1 Qa2+ 35.Kh1 Rg6 36.Rg1 Qb1
37.Bf2 Qc2 38.Rxg6 hxg6 39.Kg2 Kg7 40.Qg4 Qe4+ 41.Qf3 Qc4 42.h4 Kh6 43.Kh3 Qc2
44.Kh2  1/2-1/2

[Event "ch-TUR 2012"]
[Site "Kemer TUR"]
[Date "2012.01.30"]
[Round "3"]
[White "Ozdover,M"]
[Black "Selbes,T"]
[Result "0-1"]
[WhiteElo "1985"]
[BlackElo "2264"]

1.d4 Nf6 2.c4 g6 3.Nc3 Bg7 4.e4 d6 5.Nf3 O-O 6.Be2 e5 7.O-O Nc6 8.d5 Ne7
9.b4 Nh5 10.c5 Nf4 11.Bxf4 exf4 12.Rc1 h6 13.Nd4 g5 14.Nb3 Ng6 15.cxd6 cxd6
16.Nb5 Ne5 17.h3 Qf6 18.N5d4 Qg6 19.Bf3 Nxf3+ 20.Qxf3 Be5 21.Qd3 Re8 22.Nf5 h5
23.g4 hxg4 24.hxg4 Bxf5 25.exf5 Qh6 26.Qf3 Rac8 27.Kg2 Bb2 28.Rh1 Qg7 29.Rxc8 Rxc8
30.Rd1 Qe5 31.Rd3 Bc3 32.a3 Kg7 33.Na5 Be1 34.Qd1 Rh8 35.Rh3 Rxh3 36.Kxh3 Bxf2
37.Nb3 Qe3+ 38.Kg2 Qg3+ 39.Kf1 f3  0-1

[Event "Moscow Open 2012 A"]
[Site "Moscow RUS"]
[Date "2012.01.30"]
[Round "3.69"]
[White "Demianjuk,A"]
[Black "Loskutov,O"]
[Result "0-1"]
[WhiteElo "2313"]
[BlackElo "2439"]

1.d4 Nf6 2.c4 g6 3.Nc3 Bg7 4.e4 d6 5.Nf3 O-O 6.Be2 e5 7.O-O Nc6 8.d5 Ne7
9.Ne1 Ne8 10.f3 Kh8 11.Nd3 Ng8 12.Kh1 f5 13.g4 f4 14.Rg1 Bf6 15.b4 h5 16.gxh5 g5
17.Nf2 Rf7 18.Bf1 Rh7 19.Bh3 Bxh3 20.Nxh3 Rxh5 21.Qf1 Nh6 22.Nf2 Qd7 23.Ng4 Qh7
24.Qe2 Be7 25.Bb2 a6 26.Raf1 Nxg4 27.fxg4 Rh3 28.Rf3 Rh4 29.Rg2 Nf6 30.Rff2 Kg7
31.Bc1 Rh8 32.Bd2 Qg8 33.Be1 Qc8 34.Rf1 Rxg4 35.Rfg1 Rxg2 36.Qxg2 g4  0-1

[Event "ch-TUR 2012"]
[Site "Kemer TUR"]
[Date "2012.01.31"]
[Round "4"]
[White "Yelligedik,Murat"]
[Black "Arat,Uf"]
[Result "0-1"]
[WhiteElo "1829"]
[BlackElo "2047"]

1.d4 Nf6 2.c4 g6 3.Nc3 Bg7 4.e4 d6 5.Be2 O-O 6.Nf3 e5 7.O-O Nc6 8.d5 Ne7
9.b4 a5 10.Ba3 Nd7 11.Nd2 f5 12.f3 Bh6 13.Nb3 axb4 14.Bxb4 Be3+ 15.Kh1 f4
16.Re1 g5 17.Bf1 g4 18.Rxe3 fxe3 19.fxg4 Ng6 20.Be2 Rf2 21.Nc1 Nf4 22.Nd3 Nxd3
23.Qxd3 Qh4 24.Qxe3 Nf6 25.Kg1 Rf4 26.g3 Nxg4 27.Bxg4 Qxg4 28.Rf1 Rxf1+ 29.Kxf1 Bd7
30.Qe2 Rf8+ 31.Kg2 Qh3+ 32.Kg1 Bg4 33.Qg2 Qh6  0-1

[Event "ch-TUR 2012"]
[Site "Kemer TUR"]
[Date "2012.01.31"]
[Round "5"]
[White "Buker,M"]
[Black "Yalcin,Ozgun"]
[Result "1-0"]
[WhiteElo "2080"]
[BlackElo "1836"]

1.d4 Nf6 2.c4 g6 3.Nc3 Bg7 4.e4 d6 5.Nf3 O-O 6.Be2 e5 7.O-O Nc6 8.d5 Ne7
9.Ne1 Nd7 10.Be3 f5 11.f3 f4 12.Bf2 g5 13.Nd3 Nf6 14.c5 Ng6 15.Rc1 Rf7 16.cxd6 cxd6
17.a4 Bf8 18.Nb5 g4 19.fxg4 Nxe4 20.Bf3 Ng5 21.Nc3 Nh4 22.Bxh4 Nxf3+ 23.Qxf3 Qxh4
24.Nf2 h5 25.gxh5 Rh7 26.Nce4 Kh8 27.Rc3 Rxh5 28.h3 Rh7 29.Rfc1 Qd8 30.Ng5 Rg7
31.Qh5+ Kg8 32.Nfe4 Bf5 33.Kh1 Be7 34.Ne6 Bxe6 35.dxe6 d5 36.Nf2 Bb4 37.e7 Rxe7
38.Qg4+ Kh7 39.Rc8 Rxc8 40.Rxc8 Qb6 41.Qg8+ Kh6 42.Ng4+ Kh5 43.Nxe5 Qf6 44.Qg4+ Kh6
45.Rh8+ Qxh8 46.Qg6+  1-0

[Event "Gibraltar Open"]
[Site "Caleta ENG"]
[Date "2012.02.01"]
[Round "9.27"]
[White "Molina,Rob"]
[Black "Berg,E"]
[Result "0-1"]
[WhiteElo "2415"]
[BlackElo "2550"]

1.d4 Nf6 2.c4 g6 3.Nc3 Bg7 4.e4 d6 5.Nf3 O-O 6.Be2 e5 7.O-O Nc6 8.d5 Ne7
9.b4 a5 10.Ba3 axb4 11.Bxb4 b6 12.a4 Re8 13.Re1 Bf8 14.Bf1 c5 15.dxc6 Nxc6
16.Ba3 Bg4 17.h3 Bxf3 18.Qxf3 Nd4 19.Qd1 Nd7 20.Nb5 Nc5 21.Bb2 Bg7 22.Ra3 Qd7
23.f3 Nce6 24.Qd2 Qe7 25.Rd1 h5 26.Qf2 h4 27.Rda1 Qd8 28.Bc3 Nc6 29.Rd1 Bf8
30.Ra2 d5 31.Qe1 d4 32.Bd2 Be7 33.Rc1 Nc5 34.Qd1 Ra6 35.Rb1 Qd7 36.Rba1 Rea8
37.Be1 Bg5 38.Kh1 Qe7 39.Bd3 Be3 40.Bc2 Kg7 41.Qb1 Ne6 42.Rb2 Nf4 43.Bd1 Rc8
44.Kh2 Qg5 45.Raa2 Na5 46.Na3 Nxc4 47.Nxc4 Rxc4 48.Rxb6 Rxb6 49.Qxb6 Rc1
50.Qb3 d3  0-1

[Event "ch-TUR 2012"]
[Site "Kemer TUR"]
[Date "2012.02.01"]
[Round "6.7"]
[White "Citak,S"]
[Black "Buker,M"]
[Result "0-1"]
[WhiteElo "2390"]
[BlackElo "2080"]

1.d4 Nf6 2.c4 g6 3.Nc3 Bg7 4.e4 d6 5.Nf3 O-O 6.Be2 e5 7.O-O Nc6 8.d5 Ne7
9.Nd2 a5 10.a3 Nd7 11.Rb1 f5 12.b4 Kh8 13.Qc2 Ng8 14.Bd3 f4 15.Na4 axb4 16.axb4 g5
17.Be2 Ndf6 18.c5 g4 19.b5 Ne8 20.g3 Qg5 21.cxd6 Qh6 22.Re1 Nxd6 23.Nc5 b6
24.Ne6 Bxe6 25.dxe6 fxg3 26.hxg3 Rxf2 27.Nf1 Qf6 28.Ne3 Rf8 29.Nxg4 Qg6 30.Be3 Qxg4
31.Bxf2 Rxf2 32.Bxg4 Rxc2 33.Ra1 Bf6 34.Rec1 Rxc1+ 35.Rxc1 Nxb5 36.Kf2 Bd8
37.Ra1 Be7 38.Ra8 Kg7 39.Rc8 Bd6 40.Be2 Nd4 41.Bc4 Ne7 42.Rb8 Nec6 43.Rg8+ Kf6
44.Bd5 Ne7 45.Rf8+ Kg7 46.Rd8 b5 47.Ke3 b4 48.Kd3 h5 49.Bc4 Kf6 50.Rf8+ Kg5
51.Rf7 Ndc6 52.Kc2 Kg4 53.Rh7 Na5 54.Be2+ Kxg3 55.Rxh5 c5 56.Rh8 c4 57.Ra8 Nec6
58.Ra6 b3+ 59.Kb2 Bc5 60.Bxc4 Nxc4+ 61.Kxb3 N4a5+ 62.Ka4 Kf4 63.Kb5 Be7 64.Kb6 Kxe4
65.Kc7 Kd5 66.Kd7 Bd8 67.Ra8 Nb7 68.Kc8 Nd6+ 69.Kd7 Ne4 70.Ke8 Kxe6  0-1

[Event "Moscow Open 2012 A"]
[Site "Moscow RUS"]
[Date "2012.02.01"]
[Round "5.90"]
[White "Petrukhina,I"]
[Black "Ezhikov,V"]
[Result "1-0"]
[WhiteElo "2202"]
[BlackElo "2024"]

1.d4 Nf6 2.c4 g6 3.Nc3 Bg7 4.e4 d6 5.Nf3 O-O 6.Be2 e5 7.O-O Nc6 8.d5 Ne7
9.b4 Nd7 10.a4 a5 11.Ba3 b6 12.bxa5 Rxa5 13.Bb4 Ra8 14.a5 Nc5 15.axb6 Rxa1
16.Qxa1 cxb6 17.Qa7 f5 18.Bxc5 bxc5 19.Ng5 Nxd5 20.Nxd5 Qxg5 21.Ne7+ Kh8
22.Qc7 Qd2 23.Nxc8 Qxe2 24.Nxd6 fxe4 25.Qxc5 Qd3 26.Qd5 h6 27.Nxe4 Qc2 28.Nd6 Rf4
29.g3 Rd4 30.Qe6 e4 31.Qxg6 Qd2 32.Nf5 Rd7 33.Qe8+ Kh7 34.Qxe4  1-0

[Event "Moscow Open 2012 A"]
[Site "Moscow RUS"]
[Date "2012.02.01"]
[Round "5.65"]
[White "Demianjuk,A"]
[Black "Yandarbiev,R"]
[Result "0-1"]
[WhiteElo "2313"]
[BlackElo "2391"]

1.d4 Nf6 2.c4 g6 3.Nc3 Bg7 4.e4 O-O 5.Nf3 d6 6.Be2 e5 7.O-O Nc6 8.d5 Ne7
9.Ne1 Ne8 10.Be3 f5 11.f3 f4 12.Bf2 h5 13.c5 g5 14.a4 Kh8 15.cxd6 Nxd6 16.Nb5 Bd7
17.Nxa7 g4 18.Nb5 gxf3 19.Nxf3 Nxe4 20.Bh4 c6 21.dxc6 bxc6 22.Nd6 Nxd6 23.Qxd6 Nf5
24.Bxd8 Nxd6 25.Be7 Nf5 26.Bxf8 Rxf8 27.Nd2 Ne3 28.Rfc1 h4 29.h3 e4 30.Nxe4 Bxb2
31.a5 Rg8 32.Bf3 Bxh3 33.a6 Bxg2 34.Kf2 h3 35.Ra5 Ng4+ 36.Bxg4 Bxc1 37.Rh5+ Kg7
38.Rg5+ Kf8 39.Rf5+ Ke7 40.Re5+ Kd8 41.Ng5 Be3+  0-1

[Event "Moscow Open Women 2012"]
[Site "Moscow RUS"]
[Date "2012.02.03"]
[Round "7.11"]
[White "Grabuzova,T"]
[Black "Xu Huahua"]
[Result "0-1"]
[WhiteElo "2340"]
[BlackElo "2134"]

1.d4 Nf6 2.c4 g6 3.Nc3 Bg7 4.e4 d6 5.Nf3 O-O 6.Be2 e5 7.O-O Nc6 8.d5 Ne7
9.b4 Ne8 10.c5 f5 11.Ba3 f4 12.b5 h6 13.cxd6 cxd6 14.Bb4 Kh8 15.a4 Ng8 16.a5 g5
17.h3 Ngf6 18.b6 a6 19.Qb3 Rg8 20.Qa3 g4 21.hxg4 Bxg4 22.Rfe1 Bxf3 23.Bxf3 Bf8
24.Na4 Ng4 25.Bxg4 Rxg4 26.Qh3 Qg5 27.Rac1 Be7 28.Rc7 Nxc7 29.bxc7  0-1

[Event "Moscow Open 2012 A"]
[Site "Moscow RUS"]
[Date "2012.02.03"]
[Round "7.68"]
[White "Mikheev,S"]
[Black "Krivenko,S"]
[Result "1-0"]
[WhiteElo "2259"]
[BlackElo "2370"]

1.d4 Nf6 2.c4 g6 3.Nc3 Bg7 4.e4 d6 5.Nf3 O-O 6.Be2 e5 7.O-O Nc6 8.d5 Ne7
9.b4 Nh5 10.Re1 f5 11.Ng5 Nf6 12.f3 Nh5 13.c5 Bf6 14.Bc4 Kh8 15.Rb1 f4 16.Ne6 Bxe6
17.dxe6 Ng7 18.Bb2 Nc6 19.Qa4 Qc8 20.b5 Nd4 21.Ba3 Be7 22.Nd5 Qd8 23.Nxe7 Qxe7
24.Bd5 dxc5 25.Bxb7 Rab8 26.Bd5 Rfe8 27.Qxa7 Qg5 28.Kh1 c4 29.Qxc7 Rbc8 30.Qf7 Nh5
31.Bd6 h6 32.b6 Ng3+ 33.hxg3 fxg3 34.Kg1 Qh5 35.Qf6+ Kh7 36.Qf7+ Kh8 37.Bxe5+ Qxe5
38.Qxg6 Qf4 39.e5 Rf8 40.Qe4 Qd2 41.Qe3 Qxe3+ 42.Rxe3 c3 43.b7 c2 44.Rc1 Rc7
45.Kf1 h5 46.Rd3 Nf5  1-0

[Event "Moscow Open 2012 A"]
[Site "Moscow RUS"]
[Date "2012.02.04"]
[Round "8.31"]
[White "Ghane,S"]
[Black "Pridorozhni,A"]
[Result "1/2-1/2"]
[WhiteElo "2320"]
[BlackElo "2555"]

1.d4 d6 2.Nf3 Nf6 3.c4 g6 4.Nc3 Bg7 5.e4 O-O 6.Be2 e5 7.O-O Nc6 8.d5 Ne7
9.Ne1 Nd7 10.f3 f5 11.Nd3 f4 12.b4 g5 13.c5 Nf6 14.Bd2 Ng6 15.Rc1 Rf7 16.cxd6 cxd6
17.Nf2 h5 18.h3 Bf8 19.Qc2 g4 20.fxg4 hxg4 21.hxg4 a6 22.a4 Nh7 23.a5 Qh4
24.Nh3 Bxg4 25.Be1 Qh5 26.Bxg4 Qxg4 27.Qd1 Qd7 28.Na4 Re8 29.Nb6 Qe7 30.Qh5 Rg7
31.Rf3 Qf7 32.Rfc3 Nf6 33.Qf3 Nh8 34.Bh4 Qg6 35.Bxf6 Qxf6 36.Qh5 Ree7 37.Nf2 Rg5
38.Qh3 Reg7 39.Nd7 Rxg2+ 40.Kf1 Qg5 41.Qe6+ Rf7 42.Nf6+ Kg7 43.Ne8+ Kg8 44.Nf6+ Kg7
45.N2g4 f3 46.Ne8+ Kh7 47.Ngf6+ Kg6 48.Qf5+ Kh6 49.Qh3+ Kg6 50.Rxf3 Rg1+
51.Kf2 Rxc1 52.Rg3 Rxf6+ 53.Nxf6 Rc2+ 54.Ke1 Qxg3+ 55.Qxg3+ Kxf6 56.Qh3 Kg7
57.Qh4 Rc1+ 58.Ke2 Rc2+ 59.Kf3 Rc3+ 60.Kg4 Nf7  1/2-1/2

[Event "Moscow Open 2012 A"]
[Site "Moscow RUS"]
[Date "2012.02.04"]
[Round "8.22"]
[White "Korotylev,A"]
[Black "Chernobay,A"]
[Result "0-1"]
[WhiteElo "2580"]
[BlackElo "2500"]

1.d4 Nf6 2.c4 g6 3.Nc3 Bg7 4.e4 d6 5.Be2 O-O 6.Nf3 e5 7.O-O Nc6 8.d5 Ne7
9.Nd2 Ne8 10.b4 f5 11.f3 f4 12.c5 g5 13.Nc4 Ng6 14.a4 Rf7 15.a5 h5 16.Ba3 Nf6
17.b5 dxc5 18.Bxc5 g4 19.Ra2 Bf8 20.Bxf8 Qxf8 21.Re1 Rg7 22.Kh1 Nh4 23.d6 Be6
24.Rd2 Rc8 25.Nxe5 Nxg2 26.d7 Rd8 27.Kxg2 gxf3+ 28.Kxf3 Qc5 29.Kxf4 Rf8  0-1

[Event "Moscow Open 2012 A"]
[Site "Moscow RUS"]
[Date "2012.02.05"]
[Round "9.87"]
[White "Egorov,K"]
[Black "Ezhikov,V"]
[Result "1-0"]
[WhiteElo "2084"]
[BlackElo "2024"]

1.d4 Nf6 2.c4 g6 3.Nc3 Bg7 4.e4 d6 5.Nf3 O-O 6.Be2 e5 7.O-O Nc6 8.d5 Ne7
9.Ne1 Nd7 10.Nd3 f5 11.Bd2 Nf6 12.f3 f4 13.g4 fxg3 14.hxg3 Nh5 15.Kg2 Kh8
16.Rh1 Ng8 17.c5 Qe7 18.cxd6 cxd6 19.a4 Nh6 20.Be3 Nf7 21.Qd2 Bf6 22.Nb5 a6
23.Na3 Ng5 24.Nc4 Bg4 25.Raf1 b5 26.Na5 h6 27.Nc6 Qd7 28.Bxg5 Bxg5 29.Qc3 b4
30.Qxb4 Bf4 31.gxf4 Rxf4 32.Nxf4 Nxf4+ 33.Kf2 Bxf3 34.Kxf3 Rf8 35.Ke3 Ng2+
36.Kd2  1-0